Surface chemistry : theory and applications /

Guardado en:
Autor Principal: Bikerman, J. J. 1898-
Formato: Libro
Idioma:English
Publicado: New York : Academic Press, 1958.
Edición:2nd ed., rev. and enl.
Etiquetas: Agregar Etiqueta
Sin Etiquetas, Sea el primero en etiquetar este registro!
LEADER 00496nam a22001455a 4500
001 EEA.libagro000342
008 130809s1958####nyua##########000#0#eng#d
005 20220427123421.0
245 1 0 |a Surface chemistry :  |b theory and applications /  |c J.J. Bikerman. 
250 |a 2nd ed., rev. and enl. 
260 |a New York :  |b Academic Press,  |c 1958. 
300 |a 501 p. :  |b il. ;  |c 23 cm. 
100 1 |a Bikerman, J. J.  |q (Jacob Joseph),  |d 1898- 
082 0 4 |a 541.121 
859 |a AR-BbBCA  |b BIB. AGRONOMIA  |h 541.121  |i B489a2  |p 1965/0224